Regola pratica, e compiuta di allevare i bigatti felicemente.

Bibliographic Details
Format: eBook
Language:Italian
Published: Udine : Stampato a spese della Societá d'agricoltura per li Fratelli Gallici, 1777.
Series:Making of the modern world (Goldsmiths'-Kress Library of Economic Literature)
Subjects:
Online Access:Connect to the full text of this electronic book

MARC

Tag First Indicator Second Indicator Subfields
LEADER 00000cam a2200000Ia 4500
001 in00002282321
005 20190326200316.0
006 m | d |
007 cr |n||||||||n
008 900124s1777 xx s 000 0 ita d
010 |a nuc87794105  
040 |a ResP  |c GKS  |d RQM  |d Thomson Gale  |d UtOrBLW 
043 |a e-it--- 
050 1 4 |a HB161  |b .G64 no. 11563.7 
082 0 4 |a 330  |b G62 
245 0 0 |a Regola pratica, e compiuta di allevare i bigatti felicemente. 
264 1 |a Udine :  |b Stampato a spese della Societá d'agricoltura per li Fratelli Gallici,  |c 1777. 
300 |a 46 pages, 1 leaf ;  |c 18 cm. 
336 |a text  |b txt  |2 rdacontent 
337 |a computer  |b c  |2 rdamedia 
338 |a online resource  |b cr  |2 rdacarrier 
500 |a Half-title. 
500 |a Reproduction of original from Kress Library of Business and Economics, Harvard University. 
500 |a Goldsmiths'-Kress number 11563.7. 
510 4 |a OCLC,  |c 20948469 
533 |a Electronic reproduction.  |b Farmington Hills, Mich. :  |c Thomson Gale,  |d 2005.  |f (The making of the modern world).  |n Available via the World Wide Web.  |n Access limited to licensing agreements.  |7 s2005 miunns 
500 |a Electronic resource. 
650 0 |a Silkworms  |z Italy. 
655 0 |a Electronic books. 
830 0 |a Making of the modern world (Goldsmiths'-Kress Library of Economic Literature) 
856 4 0 |u http://proxy.library.tamu.edu/login?url=http://galenet.galegroup.com/servlet/MOME?af=RN&ae=U107624921&srchtp=a&ste=14&locID=txshracd2898  |z Connect to the full text of this electronic book  |t 0 
999 |a MARS 
999 f f |s 48c491a6-8534-3a78-8f99-94a319228c8f  |i 8a27f961-6cb6-394b-9026-9c5aeba65a30  |t 0 
952 f f |a Texas A&M University  |b College Station  |c Electronic Resources  |d Available Online  |t 0  |e HB161 .G64 no. 11563.7  |h Library of Congress classification 
998 f f |a HB161 .G64 no. 11563.7  |t 0  |l Available Online